000 00648nam a22002171 4500
999 _c1691
_d1691
001 7185924
003 OSt
005 20180919175819.0
008 00026401959 enk 000 0 eng d
040 _aIHT
_cIHT
_dATH
082 _a248.9
_bN372S
090 _aBV4501.2
_b.N42 1959
100 1 _aNee, Watchman.
245 1 0 _aSit, walk, stand /
_cWatchman Nee.
250 _aSecond British ed.
260 _aLondon :
_bWitness and Testimony Publishers ;
_aFort Washington, PA :
_b[distributed by] Christian Literature Crusade,
_c1959.
_c1958
300 _a64 p. ;
_c19 cm.
650 0 _aChristian life.
650 0 _aConduct of life.
942 _2ddc
_cBK